000 00520nam a22001937a 4500
999 _c155949
_d155949
005 20190226142335.0
010 _aB-213826
020 _a9780195676013
_c395.00
035 _aB-213826,B-213822
037 _bOxford University Press
082 _aN
100 _aBhyrappa, S.L.
245 _aSartha:
_bthe caravan
_cS.L. Bhyrappa
260 _aNew Delhi
_bOxford University Press
_c2006
270 _bNew Delhi
_e110001
300 _a292p.
_c22cm (hbk)
942 _2ddc
_cEN
_hN
_mBHY